00443 2200181 4500001002100000005001500021008004100036020001800077035001900095041000700114082001000121090001600131100001900147245001700166260002700183300002300210650002800233INLIS00000000001513220241224114857241224||||||||| | ||| |||| || |  a979-665-215-3 0010-1224015132 aid0 a156.7 a156.7 ISK g0 aJohan Iskandar00aGelatik jawa aBandungbAngkasac1999 a43hlmn,;14,65x21cm 0aIlmu-Ilmu Tentang Hewan